00703nam a2200241 a 45000010010000000030011000100080041000210200015000620350026000770920015001031000024001182450046001422600032001883000017002205000021002376500026002588560031002849420012003159520091003279900006004189980020004249990017004440001-0988ELIB.Books141014 2010 eng  a0275973727 a(ELIB.Books)0001-1142 a291-1bGor aGorsuch, Richard L. aIntergrating Psychology and Spirituality? aLondonbPraeger Pressc2002 a189c23.5 Cm aDr. Yahalaylayla aPsychology & Religion nKBTS; LibraryuKBTS; Elib. 2ddccBK 00102ddc4070aKBTSbKBTSd2014-10-14l0p15205r2022-01-22 00:00:00w2022-01-22yBK a1 cbate2014-10-14 c10988d10988